[Event "39th Olympiad Women"]
[Site "Khanty-Mansiysk RUS"]
[Date "2010.09.28"]
[Round "7"]
[White "Ilhom, Mootribai"]
[Black "Aranaz Murillo, Amalia"]
[Result "0-1"]
[BlackTitle "WFM"]
[WhiteElo "1639"]
[BlackElo "2154"]
[Board "19.4"]
[WhiteTeam "TJK"]
[BlackTeam "ESP"]
[WhiteFideId "14700204"]
[BlackFideId "22200371"]
[EventDate "2010.09.21"]
[EventType "team"]

1. d4 d5 2. c4 c6 3. cxd5 cxd5 4. Nc3 Nf6 5. Bg5 Nc6 6. Bxf6 gxf6 7. Nf3 e6 8.
a3 f5 9. e3 Rg8 10. Qc2 Bd7 11. Rc1 Rc8 12. Qd1 Bd6 13. g3 a6 14. Bg2 Na5 15.
Nd2 b5 16. O-O Qg5 17. Nf3 Qe7 18. Nd2 Nc4 19. Rc2 Nxb2 20. Qb1 Bxa3 21. Rxb2
Rxc3 22. Ra2 Rc6 23. Qa1 Bb4 24. Nb3 Bc8 25. Rc1 Qc7 26. Rxc6 Qxc6 27. Bf1 Kf8
28. Qd1 Kg7 29. Rc2 Qd7 30. Bd3 Bb7 31. Qc1 Rc8 32. Rxc8 Qxc8 33. Qxc8 Bxc8 34.
Kf1 Bd7 35. Ke2 a5 36. Kd1 a4 37. Nc1 Ba5 38. Kc2 b4 39. Kb2 b3 40. Ne2 Be1 41.
f3 Bc6 42. Nc3 h5 43. Be2 Kg6 44. Bd3 Kg5 45. Be2 f6 46. f4+ Kg6 47. Nd1 Be8 48.
Ka3 Bd2 49. Kb2 Kg7 50. Ba6 Kf8 51. Bd3 Ke7 52. Ba6 Kd6 53. Bd3 Kc6 54. Be2 Kb6
55. Bd3 Ka5 56. Be2 Kb4 57. Bd3 a3+ 58. Kb1 Bc3 0-1

[Event "39th Olympiad Women"]
[Site "Khanty-Mansiysk RUS"]
[Date "2010.09.28"]
[Round "7"]
[White "Gansvind, Valeriya I."]
[Black "Munguntuul, Batkhuyag"]
[Result "0-1"]
[WhiteTitle "WFM"]
[BlackTitle "IM"]
[WhiteElo "2218"]
[BlackElo "2412"]
[Board "20.1"]
[WhiteTeam "EST"]
[BlackTeam "MGL"]
[WhiteFideId "4109821"]
[BlackFideId "4900758"]
[EventDate "2010.09.21"]
[EventType "team"]

1. b3 Nf6 2. Bb2 c5 3. e3 Nc6 4. f4 d6 5. Nf3 g6 6. Be2 Bg7 7. Qc1 O-O 8. O-O
Re8 9. Nc3 a6 10. Ng5 d5 11. Na4 b6 12. c4 d4 13. Bf3 Bb7 14. Kh1 h6 15. Nh3 Rb8
16. Nf2 Nd7 17. exd4 cxd4 18. Ba3 Qc7 19. d3 Rbc8 20. Qd2 Kh7 21. Rae1 f5 22. h4
Bf6 23. h5 g5 24. Bd5 b5 25. Nc5 Nxc5 26. Bxc5 Nd8 27. Bb4 Bxd5 28. cxd5 Nf7 29.
Re6 gxf4 30. Nh3 Ng5 31. Nxf4 Nxe6 32. Nxe6 Qg3 33. Qe1 Qxd3 34. Nf4 Qe3 35. Bd2
Qxe1 36. Rxe1 Red8 37. Bb4 Rd7 38. Ng6 d3 39. Rd1 Rxd5 40. Bxe7 d2 41. Rxd2 Rxd2
42. Bxf6 Rxa2 43. Be5 Rc1+ 44. Kh2 Rcc2 45. Nf4 a5 46. Kg3 Ra3 0-1

[Event "39th Olympiad Women"]
[Site "Khanty-Mansiysk RUS"]
[Date "2010.09.28"]
[Round "7"]
[White "Lkhamsuren, Uuganbayar"]
[Black "Piarnpuu, Leili"]
[Result "0-1"]
[BlackTitle "WIM"]
[WhiteElo "2206"]
[BlackElo "2111"]
[Board "20.2"]
[WhiteTeam "MGL"]
[BlackTeam "EST"]
[WhiteFideId "4901347"]
[BlackFideId "4500180"]
[EventDate "2010.09.21"]
[EventType "team"]

1. e4 e5 2. Nf3 Nc6 3. Bb5 g6 4. O-O Bg7 5. c3 d6 6. h3 Bd7 7. d4 Nge7 8. Be3
O-O 9. Qd2 Nxd4 10. cxd4 Bxb5 11. Rc1 a6 12. a4 exd4 13. Bg5 Bd7 14. Bxe7 Qxe7
15. Rxc7 Qd8 16. Rxb7 Bc6 17. Rb3 Bxe4 18. Nxd4 Qf6 19. Ne2 Rab8 20. Rxb8 Rxb8
21. Nbc3 Bc6 22. Rd1 Bf8 23. Nd4 Ba8 24. Qe2 Qg5 25. f3 Bg7 26. Ne4 Bxe4 27.
fxe4 Qc5 28. Qf2 Rb4 29. Nf3 Qxf2+ 30. Kxf2 Rxb2+ 31. Kf1 Bf8 32. Rd4 Be7 33.
Rc4 Ra2 34. Rd4 Kg7 35. g3 h5 36. Nd2 Kf6 37. Nf3 Ke6 38. Kg1 Bf6 39. Rc4 a5 40.
Kf1 Kd7 41. g4 hxg4 42. hxg4 Rb2 43. Kg1 Bd8 44. e5 Bb6+ 45. Kh1 Rb4 46. exd6
Kxd6 47. Nd2 Kd5 48. Rxb4 axb4 49. Kg2 Be3 50. Nb1 Kc4 51. Kf3 Kd3 0-1

[Event "39th Olympiad Women"]
[Site "Khanty-Mansiysk RUS"]
[Date "2010.09.28"]
[Round "7"]
[White "Vojinovic, Jovana"]
[Black "Terao, Juliana Sayumi"]
[Result "1-0"]
[WhiteTitle "WGM"]
[BlackTitle "WFM"]
[WhiteElo "2319"]
[BlackElo "2138"]
[Board "21.1"]
[WhiteTeam "MNE"]
[BlackTeam "BRA"]
[WhiteFideId "937266"]
[BlackFideId "2109220"]
[EventDate "2010.09.21"]
[EventType "team"]

1. Nf3 Nf6 2. c4 g6 3. Nc3 d5 4. cxd5 Nxd5 5. Qa4+ Nc6 6. Ne5 Nxc3 7. bxc3 Bd7
8. Nxd7 Qxd7 9. Rb1 b6 10. g3 Rd8 11. Bg2 Na5 12. Qxd7+ Rxd7 13. d3 Bg7 14. Bd2
O-O 15. Rc1 c5 16. c4 Nb7 17. O-O Nd6 18. a4 e6 19. Bh3 Rb8 20. Rc2 Rdd8 21. Rb1
h6 22. Bg2 Nf5 23. Ra2 Nd4 24. Bf4 e5 25. Bc1 a6 26. Be3 Nf5 27. Ra3 Nxe3 28.
fxe3 Bf8 29. Rab3 Rd6 30. a5 Be7 31. axb6 Bd8 32. b7 Kf8 33. Ra3 Ke7 34. Rba1 a5
35. Rxa5 Bxa5 36. Rxa5 Kd8 37. Rxc5 Re6 38. Bd5 Rf6 39. d4 Rf5 40. Bg2 exd4 41.
Rc8+ Rxc8 42. bxc8=Q+ Kxc8 43. Bh3 dxe3 44. Bxf5+ gxf5 45. Kg2 Kc7 46. Kf3 Kd6
47. Kxe3 Ke5 48. c5 1-0

[Event "39th Olympiad Women"]
[Site "Khanty-Mansiysk RUS"]
[Date "2010.09.28"]
[Round "7"]
[White "Stojanovic, Marija R"]
[Black "Gazola, Vanessa Ramos"]
[Result "1/2-1/2"]
[WhiteTitle "WFM"]
[WhiteElo "2112"]
[BlackElo "1983"]
[Board "21.3"]
[WhiteTeam "MNE"]
[BlackTeam "BRA"]
[WhiteFideId "931411"]
[BlackFideId "2112590"]
[EventDate "2010.09.21"]
[EventType "team"]

1. e4 c5 2. Nf3 Nc6 3. d4 cxd4 4. Nxd4 e5 5. Nb5 a6 6. Nd6+ Bxd6 7. Qxd6 Qf6 8.
Qc7 Nge7 9. Nc3 Nb4 10. Bd3 d5 11. O-O d4 12. Ne2 O-O 13. f4 Nxd3 14. cxd3 Bg4
15. fxe5 Qc6 16. Qxc6 Nxc6 17. Nf4 Nxe5 18. h3 Be6 19. Rd1 Rac8 20. Ne2 Rfd8 21.
Rd2 Rd7 22. b3 Rdc7 23. Ba3 Rc2 24. Rxc2 Rxc2 25. Nxd4 Rd2 26. Nxe6 fxe6 27. Rc1
Rxa2 28. Rc8+ Kf7 29. Rc7+ Kg6 30. Bf8 Nxd3 31. Rxb7 h5 32. Rxg7+ Kf6 33. Rg3
Nf4 34. Rf3 Ke5 35. Bd6+ Kxd6 36. Rxf4 Ke5 37. Rh4 a5 38. Kh2 Kd4 39. Rxh5 Kxe4
40. Rc5 e5 41. h4 Kf4 42. h5 Rb2 43. h6 Rxb3 44. h7 Rb8 45. Rxa5 Rh8 46. Ra7 e4
47. Rf7+ Kg4 48. Kg1 Kg5 49. Kf2 Kg6 50. Re7 Rxh7 51. Rxe4 Ra7 52. Rb4 Ra3 53.
g3 Rc3 54. Kg2 Ra3 55. Rb6+ Kg5 56. Kh3 Rc3 57. Rb8 Rc6 58. Rg8+ Kh6 59. Kh4 Ra6
60. Rh8+ Kg7 61. Rb8 Kg6 62. Rb7 Ra4+ 63. Kh3 Ra6 64. Rb5 Rc6 65. Kh4 Rc4+ 66.
g4 Rc6 67. Rg5+ Kh6 68. Rg8 Kh7 69. Rd8 Kg6 70. Rg8+ Kh7 1/2-1/2

[Event "39th Olympiad Women"]
[Site "Khanty-Mansiysk RUS"]
[Date "2010.09.28"]
[Round "7"]
[White "De Oliveira, Ana Paula"]
[Black "Blagojevic, Lidija"]
[Result "1-0"]
[BlackTitle "WFM"]
[WhiteElo "1839"]
[BlackElo "2013"]
[Board "21.4"]
[WhiteTeam "BRA"]
[BlackTeam "MNE"]
[WhiteFideId "2107856"]
[BlackFideId "916773"]
[EventDate "2010.09.21"]
[EventType "team"]

1. c4 e5 2. Nc3 Nf6 3. g3 c6 4. Bg2 d6 5. d4 Nbd7 6. Nf3 a6 7. Bg5 Qc7 8. Qd2 h6
9. Bxf6 Nxf6 10. dxe5 dxe5 11. Rd1 Be7 12. h3 O-O 13. Qe3 Nd7 14. O-O f5 15. a3
a5 16. Na4 Ra6 17. c5 Kh8 18. Rc1 e4 19. Nd4 Ne5 20. Qb3 Rf6 21. Rfd1 Nd7 22.
Rc3 Qe5 23. Qc2 Rf8 24. g4 fxg4 25. Qxe4 Qxe4 26. Bxe4 Ne5 27. hxg4 Nxg4 28. f3
Ne5 29. Nb6 Rd8 30. Nxc8 Rxc8 31. Nf5 Bf6 32. Nd6 Rb8 33. Rb3 b5 34. f4 Ng4 35.
Bf5 h5 36. Rh3 Kg8 37. Be6+ Kf8 38. Bxg4 g6 39. Be6 Bxb2 40. f5 Ke7 41. Re3 Kf6
42. fxg6 Kxg6 43. Bf7+ Kg5 44. Re6 b4 45. Rf1 Rg8 46. Bxg8 bxa3 47. Rf5+ 1-0

[Event "39th Olympiad Women"]
[Site "Khanty-Mansiysk RUS"]
[Date "2010.09.28"]
[Round "7"]
[White "Moncayo Romero, Evelyn"]
[Black "Luna, Raisa"]
[Result "1/2-1/2"]
[WhiteTitle "WIM"]
[BlackTitle "WFM"]
[WhiteElo "2127"]
[BlackElo "2030"]
[Board "22.3"]
[WhiteTeam "ECU"]
[BlackTeam "BOL"]
[WhiteFideId "3600424"]
[BlackFideId "3301508"]
[EventDate "2010.09.21"]
[EventType "team"]

1. e4 c5 2. Nf3 d6 3. d4 cxd4 4. Nxd4 Nf6 5. Nc3 a6 6. Bg5 e6 7. f4 Nbd7 8. Qf3
Qc7 9. O-O-O b5 10. e5 Bb7 11. Qh3 dxe5 12. Nxe6 fxe6 13. Qxe6+ Be7 14. Bxb5
axb5 15. Nxb5 Qc6 16. Nd6+ Kd8 17. fxe5 Kc7 18. Qxe7 Rxa2 19. exf6 Ra1+ 20. Kd2
Qd5+ 21. Kc3 Qa5+ 22. Kd3 Qd5+ 23. Kc3 Qa5+ 24. Kd3 Qd5+ 25. Kc3 Qa5+ 26. Kd3
Qd5+ 1/2-1/2

[Event "39th Olympiad Women"]
[Site "Khanty-Mansiysk RUS"]
[Date "2010.09.28"]
[Round "7"]
[White "Blanco, Norma"]
[Black "Romero Echeverria, Abigail"]
[Result "0-1"]
[WhiteElo "1776"]
[BlackElo "2058"]
[Board "22.4"]
[WhiteTeam "BOL"]
[BlackTeam "ECU"]
[WhiteFideId "3302253"]
[BlackFideId "3603806"]
[EventDate "2010.09.21"]
[EventType "team"]

1. e4 c5 2. Nf3 e6 3. Be2 a6 4. a4 b6 5. Nc3 Bb7 6. d3 Nc6 7. O-O g6 8. Bf4 Bg7
9. Qd2 d6 10. Rae1 h6 11. h3 Nge7 12. Nh2 Qc7 13. Rb1 O-O-O 14. Na2 g5 15. Bg3
f5 16. exf5 Nxf5 17. b4 Bd4 18. Kh1 h5 19. bxc5 bxc5 20. Qxg5 Rdg8 21. Qd2 Rxg3
22. c3 Rxg2 23. cxd4 Ncxd4 24. Nf3 Nxf3 25. Bxf3 Bxf3 26. Qf4 Rxf2+ 27. Kg1 Rg2+
28. Kh1 Ng3+ 0-1

[Event "39th Olympiad Women"]
[Site "Khanty-Mansiysk RUS"]
[Date "2010.09.28"]
[Round "7"]
[White "Milligan, Helen"]
[Black "Geldyeva, Mekhri"]
[Result "0-1"]
[WhiteTitle "WFM"]
[BlackTitle "WGM"]
[WhiteElo "2033"]
[BlackElo "2260"]
[Board "23.1"]
[WhiteTeam "NZL"]
[BlackTeam "TKM"]
[WhiteFideId "2401312"]
[BlackFideId "14000059"]
[EventDate "2010.09.21"]
[EventType "team"]

1. e4 e6 2. d4 d5 3. Nc3 dxe4 4. Nxe4 Nd7 5. Nf3 Ngf6 6. Bd3 Nxe4 7. Bxe4 Nf6 8.
Bd3 h6 9. Qe2 Bd6 10. O-O O-O 11. Ne5 c5 12. dxc5 Bxc5 13. Rd1 Qe7 14. Be3 Bd6
15. Bf4 Rd8 16. Bg3 Qc7 17. c4 b6 18. Rac1 Bb7 19. Bb1 Rac8 20. b3 h5 21. Re1
Ba8 22. f3 b5 23. Bf4 bxc4 24. Rxc4 Qe7 25. Rxc8 Rxc8 26. Bg5 Qc7 27. Bd3 Nd5
28. Bd2 Qb6+ 29. Kh1 Bb4 30. Bxb4 Nxb4 31. Bc4 Bd5 32. Bxd5 Rc2 33. Qe4 Qf2 34.
Rg1 Nxd5 35. Nd3 Qd2 36. a4 Rc3 37. Nc1 Rxc1 0-1

[Event "39th Olympiad Women"]
[Site "Khanty-Mansiysk RUS"]
[Date "2010.09.28"]
[Round "7"]
[White "Hallaeva, Bahar"]
[Black "Maroroa, Sue"]
[Result "1/2-1/2"]
[WhiteTitle "WFM"]
[BlackTitle "WIM"]
[WhiteElo "2174"]
[BlackElo "1981"]
[Board "23.2"]
[WhiteTeam "TKM"]
[BlackTeam "NZL"]
[WhiteFideId "14000679"]
[BlackFideId "4301498"]
[EventDate "2010.09.21"]
[EventType "team"]

1. e4 e5 2. Nf3 Nc6 3. Bc4 Bc5 4. O-O d6 5. d3 Nf6 6. c3 Bb6 7. h3 h6 8. Re1 g5
9. Nh2 g4 10. hxg4 Rg8 11. Be3 Nxg4 12. Bxb6 axb6 13. Qf3 Qe7 14. Nf1 Bd7 15. b4
Nd8 16. Nbd2 Rg6 17. Qe2 Ne6 18. Bxe6 Bxe6 19. Nf3 h5 20. Ng3 Qf6 21. Nf5 Nh6
22. d4 Kf8 23. dxe5 dxe5 24. Qb5 Nxf5 25. exf5 Bxf5 26. Qxe5 Qxe5 27. Rxe5 Bg4
28. Nd4 h4 29. Kh2 Bd7 30. Rh5 Ra3 31. Nf3 Bg4 32. Rh8+ Kg7 33. Rxh4 Bxf3 34.
gxf3 Rxc3 35. Rg4 Rxf3 36. Rxg6+ Kxg6 37. Kg2 Ra3 38. b5 c5 39. Rd1 Rxa2 40.
Rd6+ Kf5 41. Rxb6 f6 42. Rxb7 Rb2 43. b6 Kf4 44. Rb8 c4 45. b7 c3 46. Rc8 Rxb7
47. Rxc3 Rg7+ 1/2-1/2

[Event "39th Olympiad Women"]
[Site "Khanty-Mansiysk RUS"]
[Date "2010.09.28"]
[Round "7"]
[White "Chen, Eachen"]
[Black "Ovezova, Maisa"]
[Result "1-0"]
[WhiteTitle "WCM"]
[BlackTitle "WFM"]
[WhiteElo "1966"]
[BlackElo "2117"]
[Board "23.3"]
[WhiteTeam "NZL"]
[BlackTeam "TKM"]
[WhiteFideId "4301919"]
[BlackFideId "14000393"]
[EventDate "2010.09.21"]
[EventType "team"]

1. e4 d6 2. d4 Nf6 3. Nc3 Bg4 4. f3 Bh5 5. Be3 Nbd7 6. Qd2 e5 7. O-O-O c6 8. g4
Bg6 9. h4 h5 10. g5 Nh7 11. dxe5 dxe5 12. Bh3 Nb6 13. Qh2 Bd6 14. Bc5 Nc4 15.
Bxd6 Qa5 16. Qe2 Nxd6 17. Rxd6 O-O 18. Qc4 Kh8 19. Nge2 b5 20. Qc5 1-0

[Event "39th Olympiad Women"]
[Site "Khanty-Mansiysk RUS"]
[Date "2010.09.28"]
[Round "7"]
[White "Atabayeva, Gozel"]
[Black "Fairley, Natasha"]
[Result "1/2-1/2"]
[WhiteTitle "WFM"]
[BlackTitle "WFM"]
[WhiteElo "2116"]
[BlackElo "1777"]
[Board "23.4"]
[WhiteTeam "TKM"]
[BlackTeam "NZL"]
[WhiteFideId "14001896"]
[BlackFideId "4301439"]
[EventDate "2010.09.21"]
[EventType "team"]

1. e4 e5 2. Nf3 Nc6 3. d4 exd4 4. Nxd4 Bc5 5. Be3 Qf6 6. c3 d6 7. Qd2 Nge7 8.
Nb5 Bxe3 9. Qxe3 Kd8 10. Nd2 Re8 11. O-O-O Be6 12. Nc4 Bxc4 13. Bxc4 a6 14. Na3
Ne5 15. Be2 h6 16. f4 Nd7 17. g3 Nc6 18. Bg4 Qg6 19. Qf3 Qxe4 20. Rhe1 Qxf3 21.
Bxf3 Nc5 22. Kd2 g6 23. Bd5 Ne6 24. Re3 Kd7 25. Rde1 Re7 26. Nc2 Rae8 27. b3
Ned8 28. b4 Rxe3 29. Nxe3 Ne7 30. Bb3 c6 31. Ng4 Ng8 32. Rxe8 Kxe8 33. Ke3 Ke7
34. a4 h5 35. Nf2 Nf6 36. h3 Ne6 37. Kd3 Nc7 38. Ne4 Ncd5 39. Nxf6 Nxf6 40. Kd4
Nd7 41. Bc2 d5 42. a5 1/2-1/2

[Event "39th Olympiad Women"]
[Site "Khanty-Mansiysk RUS"]
[Date "2010.09.28"]
[Round "7"]
[White "Kaya, Emel"]
[Black "Guo, Emma"]
[Result "0-1"]
[BlackTitle "WFM"]
[WhiteElo "2070"]
[BlackElo "1964"]
[Board "24.3"]
[WhiteTeam "TUR"]
[BlackTeam "AUS"]
[WhiteFideId "6306411"]
[BlackFideId "3200795"]
[EventDate "2010.09.21"]
[EventType "team"]

1. e4 e5 2. Nf3 Nc6 3. Bc4 Nf6 4. d3 Be7 5. O-O O-O 6. Re1 d6 7. c3 Na5 8. Bb5
a6 9. Ba4 b5 10. Bc2 c5 11. Nbd2 Re8 12. Nf1 Nc6 13. a4 Bd7 14. Ne3 Bf8 15. Bb3
h6 16. Nd5 Nxd5 17. Bxd5 Qf6 18. d4 Rac8 19. axb5 axb5 20. Be3 exd4 21. cxd4 Bg4
22. Bxc6 Rxc6 23. h3 Bh5 24. g4 Bg6 25. e5 dxe5 26. dxe5 Qe7 27. Qd5 Rcc8 28.
Bf4 Red8 29. Qa2 Rd3 30. Be3 Be4 31. Qa6 Rcd8 32. Nd2 Qxe5 33. Nxe4 Qxe4 34. Bg5
Qd5 35. Bxd8 Rxh3 36. Kf1 Qd3+ 37. Kg1 Qf3 0-1

[Event "39th Olympiad Women"]
[Site "Khanty-Mansiysk RUS"]
[Date "2010.09.28"]
[Round "7"]
[White "Reid, Vaness"]
[Black "Sasmazel, Burcu"]
[Result "1-0"]
[WhiteTitle "WFM"]
[WhiteElo "1839"]
[BlackElo "1909"]
[Board "24.4"]
[WhiteTeam "AUS"]
[BlackTeam "TUR"]
[WhiteFideId "3205835"]
[BlackFideId "6319106"]
[EventDate "2010.09.21"]
[EventType "team"]

1. d4 Nf6 2. c4 e6 3. Nc3 d5 4. Bg5 Be7 5. e3 O-O 6. Bd3 c6 7. Nge2 Nbd7 8. O-O
dxc4 9. Bxc4 Nd5 10. Bxe7 Qxe7 11. Rc1 N5b6 12. Bd3 e5 13. Qc2 g6 14. Rfe1 Nf6
15. dxe5 Qxe5 16. Nf4 Rd8 17. Rcd1 Be6 18. Nce2 Bd5 19. Ng3 Qe7 20. h4 Ng4 21.
e4 Be6 22. h5 Ne5 23. h6 Bg4 24. Be2 Qh4 25. Qc3 f6 26. Bxg4 Qxg4 27. Qb3+ Kh8
28. Nd3 Nxd3 29. Qf7 Rd7 30. Qxf6+ Kg8 31. Rxd3 Rf8 32. Qc3 Rxd3 33. Qg7# 1-0

[Event "39th Olympiad Women"]
[Site "Khanty-Mansiysk RUS"]
[Date "2010.09.28"]
[Round "7"]
[White "Lopang, Tshepiso"]
[Black "Zsiltzova-Lisenko, Lubov"]
[Result "0-1"]
[WhiteTitle "WCM"]
[BlackTitle "WIM"]
[WhiteElo "1932"]
[BlackElo "2282"]
[Board "25.1"]
[WhiteTeam "BOT"]
[BlackTeam "IBCA"]
[WhiteFideId "11300515"]
[BlackFideId "14101360"]
[EventDate "2010.09.21"]
[EventType "team"]

1. d4 d5 2. Nf3 Nf6 3. Bf4 c6 4. h3 Qb6 5. b3 e6 6. e3 Ne4 7. Bd3 Bb4+ 8. Nfd2
Nc3 9. Nxc3 Bxc3 10. Rb1 Qa5 11. a4 O-O 12. e4 dxe4 13. Bxe4 f5 14. Bd3 Bxd4 15.
O-O e5 16. Nc4 Qc7 17. Bh2 b5 18. axb5 cxb5 19. Nd2 Qc6 20. Re1 Bb7 21. Bf1 Nd7
22. Nf3 Bc3 23. Re2 Rad8 24. Qc1 e4 25. Nd2 Nf6 26. b4 Nd5 27. Qa3 a6 28. Rb3
Kh8 29. Nb1 Bd4 30. Kh1 Qh6 31. Nd2 Nf4 32. Bxf4 Qxf4 33. Kg1 Be5 34. g3 Qh6 35.
Qc1 Rc8 36. Bg2 Rfd8 37. c3 Rd3 38. f4 exf3 39. Rxe5 Rxd2 40. Bxf3 Rg2+ 41. Kxg2
Bxf3+ 42. Kxf3 Qxc1 43. Re2 Qf1+ 0-1

[Event "39th Olympiad Women"]
[Site "Khanty-Mansiysk RUS"]
[Date "2010.09.28"]
[Round "7"]
[White "Stolarczyk, Anna"]
[Black "Mudongo, Boikhutso"]
[Result "1-0"]
[WhiteTitle "WCM"]
[BlackTitle "WFM"]
[WhiteElo "2071"]
[BlackElo "1876"]
[Board "25.2"]
[WhiteTeam "IBCA"]
[BlackTeam "BOT"]
[WhiteFideId "1126423"]
[BlackFideId "11300230"]
[EventDate "2010.09.21"]
[EventType "team"]

1. d4 Nf6 2. c4 e6 3. Nf3 b6 4. g3 Bb7 5. Bg2 c5 6. d5 exd5 7. Nh4 g6 8. Nc3 Bg7
9. O-O O-O 10. cxd5 d6 11. e4 Nbd7 12. f4 a6 13. a4 Qc7 14. Re1 Rfe8 15. Nf3
Rad8 16. h3 c4 17. Qc2 Nc5 18. Bd2 Nb3 19. Rad1 Nxd2 20. Qxd2 Nd7 21. Kh2 Nc5
22. Bf1 Bxc3 23. Qxc3 Nxa4 24. Qf6 Qe7 25. Qd4 b5 26. f5 Nc5 27. f6 Qf8 28. h4
Bc8 29. Bh3 Bxh3 30. Kxh3 Nd3 31. Re2 Rb8 32. Ra1 Ra8 33. Qb6 Reb8 34. Qd4 Qd8
35. e5 dxe5 36. Nxe5 Nxe5 37. Rxe5 Qd7+ 38. Kh2 Re8 39. Rae1 Rxe5 40. Rxe5 Re8
41. h5 h6 42. Qe3 Rxe5 43. Qxe5 Kf8 44. Qb8+ Qe8 45. Qd6+ Kg8 46. Qe7 Qa8 47.
hxg6 1-0

[Event "39th Olympiad Women"]
[Site "Khanty-Mansiysk RUS"]
[Date "2010.09.28"]
[Round "7"]
[White "Sabure, Ontiretse"]
[Black "Karsokaite, Irena"]
[Result "1-0"]
[WhiteTitle "WCM"]
[WhiteElo "1729"]
[BlackElo "1660"]
[Board "25.3"]
[WhiteTeam "BOT"]
[BlackTeam "IBCA"]
[WhiteFideId "11300701"]
[BlackFideId "12805220"]
[EventDate "2010.09.21"]
[EventType "team"]

1. e4 c5 2. Nf3 e6 3. c3 d6 4. d4 cxd4 5. cxd4 a6 6. Bd3 Nf6 7. Nc3 Be7 8. O-O
Nc6 9. h3 O-O 10. a3 b5 11. Ne2 Bb7 12. Ng3 d5 13. e5 Ne8 14. Nh2 f5 15. Ne2 Rc8
16. g4 fxg4 17. hxg4 Bh4 18. Be3 Bg5 19. f4 Be7 20. Rf3 g6 21. Qf1 Ng7 22. Qh3
Rf7 23. Ng3 Rc7 24. f5 exf5 25. gxf5 gxf5 26. Bxf5 Nxf5 27. Nxf5 Kh8 28. Kh1 Bc8
29. Rg1 Rxf5 30. Rxf5 Bxf5 31. Qxf5 Qf8 32. Qe6 b4 33. Bh6 Nxd4 34. Qxd5 Rc5 35.
Qxd4 Qa8+ 36. Rg2 Rc2 37. e6+ 1-0

[Event "39th Olympiad Women"]
[Site "Khanty-Mansiysk RUS"]
[Date "2010.09.28"]
[Round "7"]
[White "Hoang, Thi Bao Tram"]
[Black "Peng, Zhaoqin"]
[Result "1-0"]
[WhiteTitle "WGM"]
[BlackTitle "GM"]
[WhiteElo "2285"]
[BlackElo "2400"]
[Board "26.1"]
[WhiteTeam "VIE"]
[BlackTeam "NED"]
[WhiteFideId "12401102"]
[BlackFideId "1004786"]
[EventDate "2010.09.21"]
[EventType "team"]

1. d4 d5 2. c4 c6 3. Nc3 dxc4 4. e3 b5 5. a4 b4 6. Nb1 Ba6 7. Qc2 Qd5 8. Nf3 Nf6
9. Nbd2 c3 10. bxc3 bxc3 11. Qxc3 Bxf1 12. Nxf1 Ne4 13. Qc2 e6 14. N1d2 Bb4 15.
O-O Bxd2 16. Nxd2 Nxd2 17. Bxd2 O-O 18. Rfc1 Rc8 19. Ra3 Na6 20. Qd3 Qd6 21. Rb3
c5 22. Qc4 h6 23. Rbc3 Rc7 24. Qb5 Rb8 25. Qa5 Rbc8 26. h3 cxd4 27. Rxc7 Rxc7
28. Rxc7 Nxc7 29. Qxa7 e5 30. exd4 exd4 31. Qb8+ Kh7 32. Ba5 d3 33. Bxc7 Qc6 34.
a5 g5 35. Qd8 Qc1+ 36. Kh2 d2 37. Be5 1-0

[Event "39th Olympiad Women"]
[Site "Khanty-Mansiysk RUS"]
[Date "2010.09.28"]
[Round "7"]
[White "Lanchava, Tea"]
[Black "Pham, Le Thao Nguyen"]
[Result "0-1"]
[WhiteTitle "IM"]
[BlackTitle "WIM"]
[WhiteElo "2342"]
[BlackElo "2304"]
[Board "26.2"]
[WhiteTeam "NED"]
[BlackTeam "VIE"]
[WhiteFideId "1005308"]
[BlackFideId "12401226"]
[EventDate "2010.09.21"]
[EventType "team"]

1. Nf3 d5 2. b3 Bf5 3. Bb2 e6 4. g3 Nf6 5. Bg2 Be7 6. O-O h6 7. d3 O-O 8. Nbd2
c6 9. Ne5 a5 10. a3 Nbd7 11. e4 Bh7 12. Qe2 Re8 13. Kh1 Nxe5 14. Bxe5 Rc8 15.
Bb2 dxe4 16. dxe4 b5 17. e5 Nd7 18. Ne4 Qc7 19. f4 Nc5 20. Nf2 Red8 21. Rac1 Rd7
22. Bc3 Qb6 23. g4 b4 24. axb4 axb4 25. Bd2 Na6 26. f5 Rxd2 27. Qxd2 Bg5 28. Qe2
Bxc1 29. Rxc1 Nc7 30. Ne4 Nd5 31. Nd6 Ra8 32. Qf3 Qc7 33. Rf1 Qe7 34. Qg3 Qg5
35. fxe6 fxe6 36. h4 Qd2 37. Qf3 Ne3 38. Qf7+ Kh8 39. Rg1 Nxg4 40. Ne8 Ra7 41.
Qf3 Bf5 42. Qg3 Qd4 43. Re1 Ra1 44. Bf3 Rxe1+ 45. Qxe1 Nxe5 46. Bg2 c5 47. Nc7
Ng4 48. Bf3 Qf4 49. Qe2 Qg3 0-1

[Event "39th Olympiad Women"]
[Site "Khanty-Mansiysk RUS"]
[Date "2010.09.28"]
[Round "7"]
[White "Nguyen, Thi Mai Hung"]
[Black "Bensdorp, Marlies"]
[Result "1/2-1/2"]
[WhiteTitle "WIM"]
[BlackTitle "WIM"]
[WhiteElo "2258"]
[BlackElo "2288"]
[Board "26.3"]
[WhiteTeam "VIE"]
[BlackTeam "NED"]
[WhiteFideId "12401676"]
[BlackFideId "1009311"]
[EventDate "2010.09.21"]
[EventType "team"]

1. d4 d5 2. Bf4 Nf6 3. e3 c5 4. dxc5 Nc6 5. Bb5 e6 6. b4 a5 7. c3 Bd7 8. Qb3 Nh5
9. Bg3 Nxg3 10. hxg3 Qf6 11. Bxc6 Bxc6 12. b5 Bd7 13. a4 Bxc5 14. Nf3 Rc8 15.
O-O O-O 16. Nbd2 Rfd8 17. Rfd1 b6 18. c4 h6 19. Rac1 Be8 20. cxd5 exd5 21. Nb1
Bd7 22. Rxd5 Be6 23. Rxd8+ Rxd8 24. Qc2 Bf5 25. Qa2 Be6 26. Qc2 Bf5 27. Qa2 Be6
28. Qc2 1/2-1/2

[Event "39th Olympiad Women"]
[Site "Khanty-Mansiysk RUS"]
[Date "2010.09.28"]
[Round "7"]
[White "Tilenbaev, Baktygul"]
[Black "Frisk, Ellinor"]
[Result "0-1"]
[BlackTitle "WFM"]
[WhiteElo "1944"]
[BlackElo "2113"]
[Board "27.3"]
[WhiteTeam "KGZ"]
[BlackTeam "SWE"]
[WhiteFideId "13800639"]
[BlackFideId "1708481"]
[EventDate "2010.09.21"]
[EventType "team"]

1. e4 c5 2. Nc3 Nc6 3. d3 g6 4. f4 Bg7 5. Nf3 e6 6. e5 d5 7. exd6 Qxd6 8. Ne4
Qe7 9. c3 Nf6 10. Be3 b6 11. Nxf6+ Bxf6 12. Qd2 Bb7 13. Be2 O-O 14. h4 e5 15.
fxe5 Nxe5 16. O-O-O Nxf3 17. Bxf3 Bxf3 18. gxf3 h5 19. Bg5 Bxg5 20. hxg5 Qe6 21.
c4 Rfe8 22. f4 Qf5 23. Rhe1 Rad8 24. Kc2 Rxe1 25. Rxe1 Rd4 26. Rf1 Rxc4+ 27. Kb1
Rd4 28. Rf3 c4 29. Qc3 Rxd3 30. Rxd3 Qxd3+ 0-1